Statistics for Top 10 Most Famous Countries Without an A in Them

Click here to take the quiz!

General Stats

  • This quiz has been taken 73 times
  • The average score is 7 of 10

Answer Stats

%country% Correct
95Mexico
84%
87Sweden
84%
86Chile
76%
94United
Kingdom
76%
87Egypt
73%
78Peru
72%
83Greece
70%
74Belgium
69%
84Turkey
58%
75Niger
30%

Score Distribution

Percentile by Number Answered

Percent of People with Each Score

Your Score History

You have not taken this quiz